000 00530nam a2200157Ia 4500
008 151213s9999 xx 000 0 und d
100 _aএম শফিউল্লাহ।
245 _aনির্বাক বৈজ্জানিক
_cএম শফিউল্লাহ।
250 _a১ম স
260 _aঢাকা
_bবুক ওয়ার্ল্ড।
_c2001
300 _a3469 p.
650 _aBangla
650 _aবিজ্ান।
700 _aএম শফিউল্লাহ।
999 _c2295
_d2295